China's road to development / (Record no. 9626)

MARC details
000 -LEADER
fixed length control field 01316cam a2200397 i 4500
001 - CONTROL NUMBER
control field 4156513
003 - CONTROL NUMBER IDENTIFIER
control field OSt
005 - DATE AND TIME OF LATEST TRANSACTION
control field 20260506081717.0
008 - FIXED-LENGTH DATA ELEMENTS--GENERAL INFORMATION
fixed length control field 780630s1979 enkaf b 001 0 eng
010 ## - LIBRARY OF CONGRESS CONTROL NUMBER
LC control number 78040343
015 ## - NATIONAL BIBLIOGRAPHY NUMBER
National bibliography number GB78
020 ## - INTERNATIONAL STANDARD BOOK NUMBER
International Standard Book Number 0080231403 :
Terms of availability £16.00 ($32.00 U.S.)
020 ## - INTERNATIONAL STANDARD BOOK NUMBER
International Standard Book Number 008023139X (pbk.) :
Terms of availability £10.00 ($20.00 U.S.)
020 ## - INTERNATIONAL STANDARD BOOK NUMBER
International Standard Book Number 9780080231402
035 ## - SYSTEM CONTROL NUMBER
System control number 4156513
040 ## - CATALOGING SOURCE
Original cataloging agency DLC
Transcribing agency DLC
Modifying agency DLC
-- MiU
043 ## - GEOGRAPHIC AREA CODE
Geographic area code a-cc---
050 00 - LIBRARY OF CONGRESS CALL NUMBER
Classification number HC427.9
Item number .C56544 1979
082 00 - DEWEY DECIMAL CLASSIFICATION NUMBER
Classification number 309.23 CHI
Edition number 19
245 00 - TITLE STATEMENT
Title China's road to development /
Statement of responsibility, etc. edited by Neville Maxwell.
250 ## - EDITION STATEMENT
Edition statement 2d enl. ed.
260 ## - PUBLICATION, DISTRIBUTION, ETC. (IMPRINT)
Place of publication, distribution, etc. Oxford [Eng.] ;
-- New York :
Name of publisher, distributor, etc. Pergamon Press,
Date of publication, distribution, etc. 1979.
300 ## - PHYSICAL DESCRIPTION
Extent xii, 365 p., [5] leaves of plates :
Other physical details ill. ;
Dimensions 26 cm.
336 ## - CONTENT TYPE
Content type term text
Content type code txt
Source rdacontent
337 ## - MEDIA TYPE
Media type term unmediated
Media type code n
Source rdamedia
338 ## - CARRIER TYPE
Carrier type term volume
Carrier type code nc
Source rdacarrier
504 ## - BIBLIOGRAPHY, ETC. NOTE
Bibliography, etc Includes bibliographical references and index.
651 #0 - SUBJECT ADDED ENTRY--GEOGRAPHIC NAME
Geographic name China
General subdivision Economic conditions
Chronological subdivision 1949-1976.
651 #0 - SUBJECT ADDED ENTRY--GEOGRAPHIC NAME
Geographic name China
General subdivision Social conditions.
651 #0 - SUBJECT ADDED ENTRY--GEOGRAPHIC NAME
Geographic name China
General subdivision Economic policy
Chronological subdivision 1949-1976.
651 #0 - SUBJECT ADDED ENTRY--GEOGRAPHIC NAME
Geographic name China
General subdivision Social policy.
700 1# - ADDED ENTRY--PERSONAL NAME
Personal name Maxwell, Neville,
Dates associated with a name 1926-
906 ## - LOCAL DATA ELEMENT F, LDF (RLIN)
a 7
b cbc
c orignew
d 1
e ocip
f 19
g y-gencatlg
942 ## - ADDED ENTRY ELEMENTS (KOHA)
Source of classification or shelving scheme Dewey Decimal Classification
Koha item type BOOKS
Holdings
Withdrawn status Lost status Source of classification or shelving scheme Damaged status Not for loan Home library Current library Shelving location Date acquired Total Checkouts Full call number Barcode Date last seen Copy number Price effective from Koha item type
    Dewey Decimal Classification     Dodoma Dodoma Ground Floor 06/05/2026   309.23 CHI LIB003753 06/05/2026 5 06/05/2026 BOOKS
    Dewey Decimal Classification     Dodoma Dodoma Ground Floor 06/05/2026   309.23 CHI LIB003755 06/05/2026 3 06/05/2026 BOOKS
    Dewey Decimal Classification     Dodoma Dodoma Ground Floor 06/05/2026   309.23 CHI LIB003756 06/05/2026 1 06/05/2026 BOOKS
    Dewey Decimal Classification     Dodoma Dodoma Ground Floor 06/05/2026   309.23 CHI LIB003754 06/05/2026 4 06/05/2026 BOOKS

IRDP © 2021 :: Managed by ICT Team